University Home | Library Home | Institutional Repository

Introduction to herpetology, (Record no. 135820)

MARC details
000 -LEADER
fixed length control field 00945cam6a220026500 4500
001 - CONTROL NUMBER
control field lce00561060
008 - FIXED-LENGTH DATA ELEMENTS--GENERAL INFORMATION
fixed length control field 730220s1962 caua 000 0 eng
010 ## - LIBRARY OF CONGRESS CONTROL NUMBER
LC control number 62010136 /L
035 ## - SYSTEM CONTROL NUMBER
System control number (Sirsi) r52561
035 ## - SYSTEM CONTROL NUMBER
System control number (DLC) 62010136 /L
035 ## - SYSTEM CONTROL NUMBER
System control number (UPRA)lce00561060
050 0# - LIBRARY OF CONGRESS CALL NUMBER
Classification number QL641
Item number .G6
082 ## - DEWEY DECIMAL CLASSIFICATION NUMBER
Classification number 598.1
100 1# - MAIN ENTRY--PERSONAL NAME
Personal name Goin, Coleman Jett, 1911-
Dates associated with a name Goin, Coleman Jett, 1911-
Linkage A11132.1
245 10 - TITLE STATEMENT
Title Introduction to herpetology,
Statement of responsibility, etc. by Coleman J. Goin and Olive B. Goin.
260 ## - PUBLICATION, DISTRIBUTION, ETC.
Place of publication, distribution, etc. San Francisco,
Name of publisher, distributor, etc. W. H. Freeman
Date of publication, distribution, etc. [1962]
650 #0 - SUBJECT ADDED ENTRY--TOPICAL TERM
Topical term or geographic name entry element Herpetology.
Linkage S7524.1
700 1# - ADDED ENTRY--PERSONAL NAME
Personal name Goin, Olive Bown.
Linkage A11133.1
949 ## - LOCAL PROCESSING INFORMATION (OCLC)
a QL641
w lcc
i -66915
m MAIN
t BOOK
l ON-SHELF
949 ## - LOCAL PROCESSING INFORMATION (OCLC)
a QL641
w lcc
i -66916
m MAIN
t BOOK
l ON-SHELF
949 ## - LOCAL PROCESSING INFORMATION (OCLC)
a QL641
w lcc
i -66917
m MAIN
t BOOK
l ON-SHELF
949 ## - LOCAL PROCESSING INFORMATION (OCLC)
a QL641
w lcc
i 33729005170019
m MAIN
p 2500
t BOOK
l ON-SHELF
949 ## - LOCAL PROCESSING INFORMATION (OCLC)
a QL641
w lcc
i 33729000215405
m MAIN
p 2500
t BOOK
l ON-SHELF

No items available.

© 2026 - The University of Zambia Library - Koha v25.11